000 01420cam a2200301 a 4500
999 _c328867
_d328867
001 4833430
003 Nust
005 20170418130654.0
008 900508s1990 vaua b 001 0 eng
010 _a 90012562
020 _a0943244358 :
_c$40.00 (est.)
040 _aDLC
_cDLC
_dDLC
050 0 0 _aTD1060
_b.H37 1990
082 0 0 _a363.728 LIB
_220
245 0 0 _aHazardous waste treatment processes including environmental audits and waste reduction /
_cprepared by Task Force on Hazardous Waste Treatment under the direction of the Hazardous Waste Committee and the Facilities Development Subcommittee of the Technical Practice Committee.
260 _aAlexandria, Va. :
_bWater Pollution Control Federation,
_c1990.
300 _axiv, 329 p. :
_bill. ;
_c26 cm.
490 1 _aManual of practice ;
_vFD-18
500 _aP.B
504 _aIncludes bibliographical references and index.
650 0 _aHazardous wastes
_xPurification.
650 0 _aHazardous wastes
_xManagement.
710 2 _aWater Pollution Control Federation.
_bTask Force on Hazardous Waste Treatment.
710 2 _aWater Pollution Control Federation.
_bHazardous Waste Committee.
710 2 _aWater Pollution Control Federation.
_bFacilities Development Subcommittee.
830 0 _aManual of practice.
_pFD ;
_vno. 18.
906 _a7
_bcbc
_corignew
_d1
_eocip
_f19
_gy-gencatlg
942 _2ddc
_cBK
_k363.728 LIB